Jak předcházet personální krizi

Opatrenia, ktoré by personálnej kríze na pracovisku zabránili.

Guardado en:
Detalles Bibliográficos
Autor principal: Šícha, Jan
Formato: Capítulo de libro
Lenguaje:checo
Materias:
Etiquetas: Agregar Etiqueta
Sin Etiquetas, Sea el primero en etiquetar este registro!

MARC

LEADER 00000naa$a2200000$$$4500
001 0076945
005 20231113131346.6
041 0 |a cze 
044 |a CZ 
245 1 0 |a Jak předcházet personální krizi  |c Jan Šícha 
520 |a Opatrenia, ktoré by personálnej kríze na pracovisku zabránili. 
610 2 0 |a podnik 
610 2 0 |a politika personálna 
610 2 0 |a zabezpečenie personálne 
610 2 0 |a riadenie ľudských zdrojov 
610 2 0 |a manažéri 
100 1 |a Šícha, Jan